000 00885cad a22002055a 4500
001 E150622
008 100804s2010 xxk 000 0 eng d
035 _a(Sirsi) u150622
041 0 _aeng
100 1 _aMcCaffrey, Joe
245 0 0 _aWhat is an M&E QS?
_h[electronic resource]
260 _c2010
490 _aRICS Construction Journal
_vApril/May 2010, 8-9(2)
520 _aDiscusses the role of the M&E quantity surveyor and looks at the challenges they face on construction projects. Suggests that an M&E QS can ensure that the client gets value for money and assist them with decision-making.
590 _aKA
651 4 _aUnited Kingdom
_y
690 _aBUILT ENVIRONMENT-QUANTITY SURVEYING-QUANTITY SURVEYORS
856 4 1 _uhttps://www.rics.org/site/scripts/download_info.aspx?fileID=6112&categoryID=438
_zView this item (member-only access) at www.rics.org
942 _n0
999 _c82578
_d82578